|
|
|
|
| LEADER |
00908nam a2200241 a 4500 |
| 001 |
3498037 |
| 008 |
091123s1994 ii a b 001 0 eng d |
| 010 |
|
|
|a \\\94204596
|
| 020 |
|
|
|a 019563103X :
|c £17.50
|
| 020 |
|
|
|a 0195645995
|
| 040 |
|
|
|a Uk
|c Uk
|d CtU
|d NSbSU
|d DLC
|
| 082 |
0 |
0 |
|a 330.15/56
|2 20
|
| 245 |
0 |
0 |
|a Welfare economics /
|c edited by Bhaskar Dutta.
|
| 260 |
|
|
|a Delhi :
|b Oxford University Press,
|c 1994.
|
| 300 |
|
|
|a 256 p. :
|b ill. ;
|c 22 cm.
|
| 490 |
0 |
|
|a Oxford in India readings.
|p Themes in economics
|
| 504 |
|
|
|a Includes bibliographical references and indexes.
|
| 541 |
1 |
|
|e 00007301
|
| 650 |
|
0 |
|a Welfare economics.
|
| 700 |
1 |
|
|a Dutta, Bhaskar.
|
| 852 |
4 |
|
|a Ayesha Abed Library
|j General shelf
|
| 999 |
|
|
|c 5820
|d 5820
|
| 952 |
|
|
|0 0
|1 0
|2 ddc
|4 0
|6 330_155600000000000_WEL
|7 0
|9 5783
|a BRACUL
|b BRACUL
|c GEN
|d 2009-11-23
|g 270.00
|l 1
|m 4
|o 330.1556 WEL
|p 3010007301
|r 2013-03-16
|s 2013-02-04
|t 1
|v 540.00
|w 2009-11-23
|y BK
|